00677cam a2200205 a 45000010009000000050017000090080041000260200015000670200018000820500022001000820016001221000024001382450036001622500012001982600059002103000048002695000065003176500014003828560075003961366248720250120130503.0040722s2006 ohua b 001 0 eng d a0324226292 a978032422629400aHF5667b.R58 200600a657/.452221 aRicchiute, David N.10aAuditing /cDavid N. Ricchiute. a8th ed. aMason, Ohio :bSouth-Western/Thomson Learning,cc2006. axxiii, 810 p. :bill. (some col.) ;c27 cm. aRev. ed. of: Auditing and assurance services. 7th ed. c2003. 0aAuditing.413Table of contentsuhttp://www.loc.gov/catdir/toc/fy054/2004110741.html